| 000 | 00515nam a2200181Ia 4500 | ||
|---|---|---|---|
| 008 | 181130s2018 xx 000 0 und d | ||
| 100 | _aVerwimp, Philip | ||
| 245 |
_aReturning home after civil war: _bfood security and nutrition among Burundian households |
||
| 260 | _c2018 | ||
| 300 | _ap.1019-1040. | ||
| 504 | _dJun | ||
| 650 | _aCivil war | ||
| 650 | _aFood security | ||
| 650 | _aNutrition | ||
| 700 | _aMunoz-Mora, Juan Carlos | ||
| 773 | _aJournal of Development Studies | ||
| 906 | _aFood security | ||
| 999 |
_c506455 _d506455 |
||